Loading...
| Beliefs | 4 | 15.00 | 100% | 50% | 0% |
| Current Events | 4 | 20.00 | 100% | 50% | 50% |
| Fine Arts - Auditory Fine Arts | 4 | 10.00 | 75% | 25% | 0% |
| Fine Arts - Other Arts | 1 | 10.00 | 100% | 0% | 0% |
| Fine Arts - Visual Fine Arts | 4 | 10.00 | 75% | 25% | 0% |
| History - American History | 4 | 10.00 | 75% | 0% | 25% |
| History - World History | 1 | 10.00 | 100% | 0% | 0% |
| Literature - American Literature | 5 | 6.00 | 60% | 0% | 0% |
| Literature - British Literature | 3 | 6.67 | 67% | 0% | 0% |
| Literature - European Literature | 1 | 10.00 | 100% | 0% | 0% |
| Literature - World Literature | 1 | 0.00 | 0% | 0% | 0% |
| Other Arts: Auditory | 1 | 10.00 | 100% | 0% | 0% |
| Other Arts: Visual | 1 | 10.00 | 100% | 0% | 0% |
| Other Science: Math | 1 | 10.00 | 100% | 0% | 0% |
| Philosophy | 4 | 12.50 | 100% | 25% | 0% |
| Science - Biology | 5 | 8.00 | 80% | 0% | 0% |
| Science - Chemistry | 2 | 0.00 | 0% | 0% | 0% |
| Science - Physics | 1 | 0.00 | 0% | 0% | 0% |
| Social Science | 2 | 20.00 | 100% | 50% | 50% |
| 6 | 10.00 | 67% | 33% | 0% |